000 00357nam a22001457a 4500
005 20250628105325.0
008 250628b |||||||| |||| 00| 0 eng d
050 _aBS2625
_b.3 LIN
100 _aLINDSAY GORDON
245 _aACTS IN ACTION
250 _bVOL 4
260 _aTEXAS
_bCHRIST FOR THE NATIONS, INC.
_cc1988
300 _a124p
942 _2lcc
_cBK
_n0
999 _c6755
_d6755